Milano Cortina 2026 Sports By Symbol - Statistics

General Stats
  • This quiz has been taken 32 times
  • The average score is 11 of 16
Answer Stats
Picture Answer % Correct
Biathlon
93%
Curling
89%
Ice Hockey
89%
Skeleton
89%
Snowboard
89%
Speed Skating
89%
Figure Skating
85%
Alpine Skiing
74%
Ski Jumping
74%
Luge
63%
Nordic Combined
63%
Cross-Country Skiing
59%
Freestyle Skiing
52%
Bobsleigh
48%
Ski Mountaineering
33%
Short Track Speed Skating
26%
No matching quizzes found
Score Distribution
Percent of People with Each Score
Percentile by Number Answered
Your Score History
You have not taken this quiz